000 00493nam a2200181Ia 4500
008 240925s9999 xx 000 0 und d
020 _a70547440
082 _a004 SAN
100 _aSanders ,Donald H.
245 0 _aComputer Concepts and Applications
250 _aNA
260 _aNew York:
_bMcGraw-Hill
_c,1987.
300 _axix,546p.
_bNA
_fOriginal
500 _aIncludes Index
600 _aComputer Science
650 _aComputer science, information & general works
942 _cBK
999 _c2575
_d2575